|
|
|
|
| LEADER |
00000nam a2200000 a 4500 |
| 001 |
UCH4159 |
| 003 |
CL-VaPUC |
| 008 |
090818e19940000CL |||||||||||||||||spa|d |
| 082 |
0 |
4 |
|a Ch863
|b BAS
|2 21
|
| 100 |
0 |
|
|a Bastías Guzmán, Eduardo
|e author
|9 539623
|
| 245 |
1 |
0 |
|a Donde vuelan los cóndores
|
| 250 |
|
|
|a 2a. ed
|
| 300 |
|
|
|a 136 p
|
| 942 |
|
|
|c BK
|
| 945 |
|
|
|d 20090818 00:00:00
|a ccalabra
|
| 260 |
|
|
|a Santiago
|b Alfabeta
|c 1994
|
| 650 |
|
0 |
|a Literatura chilena
|9 308278
|
| 650 |
|
0 |
|a Ficción
|9 376687
|
| 650 |
|
7 |
|a NOVELAS
|2 CL-VaPUC
|9 333250
|
| 650 |
|
0 |
|a Lectura
|9 307634
|
| 650 |
|
0 |
|a Jóvenes
|9 326981
|
| 650 |
|
0 |
|a Adolescentes
|9 308058
|
| 651 |
|
7 |
|a CHILE
|2 CL-VaPUC
|9 539624
|
| 583 |
|
|
|a last modification
|c 20180514 09:11:39
|k Rodrigo Vera
|
| 999 |
|
|
|c 335497
|d 335495
|